| 000 | 02029nam a2200517 i 4500 | ||
|---|---|---|---|
| 001 | 14218 | ||
| 003 | KOSZ 005 | ||
| 005 | 20240405063019.0 | ||
| 008 | 071030s1971 pl a f 000 0 pol | ||
| 015 | _aPB 1971/11150 | ||
| 035 | _a(PL-WaBN)b20156042-48omnis_nlop | ||
| 035 | _ab20156042 | ||
| 035 | _a(OCoLC)839045027 | ||
| 035 | _a(PL)b0000002015604 | ||
| 040 |
_aWA N _cWA N _dKOSZ 005/RW |
||
| 041 | 0 |
_apol _beng _brus |
|
| 046 | _k1971 | ||
| 080 | _a378.018.4:331.86:338 | ||
| 100 | 1 |
_aKwaśniewski, Jerzy _eAutor |
|
| 245 | 1 | 0 |
_aStudia dla pracujących : _brola zakładów pracy i koszty kształcenia / _cJerzy Kwaśniewski, Teresa J. Mackiewicz. |
| 260 |
_aWarszawa ; _aPoznań : _bPaństwowe Wydawnictwo Naukowe, _c1971. |
||
| 300 |
_a274, [1] strony : _berrata ; _c24 cm. |
||
| 336 |
_aTekst _btxt _2rdacontent |
||
| 337 |
_aBez urządzenia pośredniczącego _bn _2rdamedia |
||
| 338 |
_aWolumin _bnc _2rdacarrier |
||
| 380 | _aKsiążki | ||
| 388 | _a1901-2000 | ||
| 490 | 1 | _aRaporty z Badań / Ministerstwo Oświaty i Szkolnictwa Wyższego. Międzyuczelniany Zakład Badań nad Szkolnictwem Wyższym. Pracownia Zagadnień Organizacji i Ekonomiki Szkolnictwa Wyższego | |
| 504 | _aBibliografia na stronach 166-[168]. | ||
| 546 | _aStreszczenie w języku angielskim, rosyjskim. | ||
| 650 | 7 |
_aSzkolnictwo dla dorosłych _2DBN |
|
| 658 | _aEdukacja i pedagogika | ||
| 655 | 7 | _aRaport z badań | |
| 648 | 7 |
_a1901-2000 _2DBN |
|
| 651 | 7 | _aPolska | |
| 650 | 7 | _aSzkolnictwo wyższe | |
| 650 | 7 | _aEkonomika | |
| 648 | 7 |
_a1945-1989 _2DBN |
|
| 650 | 7 | _aKoszty | |
| 700 | 1 |
_aMackiewicz, Teresa J. _eAutor |
|
| 710 | 2 |
_aPaństwowe Wydawnictwo Naukowe _4pbl. |
|
| 830 | 0 | _aRaporty z Badań - Międzyuczelniany Zakład Badań nad Szkolnictwem Wyższym. | |
| 856 |
_uhttp://koha.tu.koszalin.pl/cgi-bin/koha/opac-detail.pl?biblionumber=14218 _yKatalog online BPK |
||
| 942 |
_2UKD _cKS |
||
| 999 |
_c14218 _d14218 |
||